| 000 | 01137nam a2200313Ia 4500 | ||
|---|---|---|---|
| 005 | 20220317001149.0 | ||
| 008 | 160825s2006 ck a g 000 0 spa | ||
| 020 | _a97895804697012 | ||
| 100 | 1 |
_aGarcía Márquez, Gabriel _d1928-2014 |
|
| 245 | 1 | 0 |
_aCrónica de una muerte anunciada _cGabriel García Márquez |
| 250 | _a3a. edición | ||
| 300 |
_a88, 69 páginas (en paginación variada) _bilustraciones _c19 cm |
||
| 490 | _aCara y cruz | ||
| 586 | _aPremio Nobel de Literatura 1982 | ||
| 600 | 1 | 4 |
_aGarcía Marquéz , Gabriel _d1928-2014 _xCrítica e interpretación _967058 |
| 650 | 1 | 4 |
_2LEMB _aNovela colombiana _ySiglo XX-XXI |
| 650 | 1 | 4 |
_2LEMB _aLiteratura colombiana _ySiglo XX-XXI |
| 650 | 1 | 4 |
_2LEMB _aMuerte en la literatura |
| 650 | 1 | 4 |
_2LEMB _aHonor en la literatura |
| 650 | 1 | 4 |
_2LEMB _aFamilia en la literatura |
| 650 | 1 | 4 |
_2LEMB _aVida cotidiana en la literatura |
| 942 |
_2loc _cBKLIT |
||
| 264 |
_aBogotá _bNorma _c2006 |
||
| 336 |
_atexto _btxt _2rdacontent |
||
| 337 |
_asin mediación _bn _2rdamedia |
||
| 338 |
_avolumen _bnc _2rdacarrier |
||
| 040 |
_aCO-BoRNBP _bspa _erda _cCO-BoRNBP |
||
| 084 | _aN GAR2 | ||
| 999 |
_c6122 _d6122 |
||